Umozi Magazine (Record no. 9364)
[ view plain ]
| 000 -LEADER | |
|---|---|
| fixed length control field | 00408cas a2200121 4500 |
| 008 - FIXED-LENGTH DATA ELEMENTS--GENERAL INFORMATION | |
| fixed length control field | 120423n eng u |
| 035 ## - SYSTEM CONTROL NUMBER | |
| System control number | (Sirsi) a175980 |
| 050 ## - LIBRARY OF CONGRESS CALL NUMBER | |
| Classification number | LG421.M25 |
| 245 ## - TITLE STATEMENT | |
| Title | Umozi Magazine |
| 260 ## - PUBLICATION, DISTRIBUTION, ETC. | |
| Place of publication, distribution, etc. | Zomba |
| Name of publisher, distributor, etc. | University of Malawi |
| Date of publication, distribution, etc. | 1977 |
| 310 ## - CURRENT PUBLICATION FREQUENCY | |
| Current publication frequency | Vol.4, no.1,1977 |
| 520 ## - SUMMARY, ETC. | |
| Summary, etc. | Umozi Magazine is a representation of the academical, cultural and social fields of Cahancellor as a college. |
| Withdrawn status | Lost status | Source of classification or shelving scheme | Damaged status | Not for loan | Home library | Current library | Shelving location | Total Checkouts | Full call number | Barcode | Date last seen | Copy number | Price effective from | Koha item type |
|---|---|---|---|---|---|---|---|---|---|---|---|---|---|---|
| Library of Congress Classification | Main Library | Main Library | Serials | LG421.M25 | 411977 | 08/12/2019 | 1 | 08/12/2019 | Periodical |